Państwa uczestniczące w Azjatyckiej Eurowizji 2026 - Statystyki

Ogólne statystyki
  • Ten quiz został rozwiązany 19 razy
  • Średni wynik to 8 z 10
Statystyki odpowiedzi
Odpowiedź % Poprawnych
Malezja
93%
Wietnam
93%
Bangladesz
87%
Kambodża
87%
Korea Południowa
87%
Laos
87%
Tajlandia
87%
Bhutan
80%
Nepal
73%
Filipiny
67%
Nie znaleziono quizów pasujących do podanych kryteriów
Rozkład punktacji
Procent ludzi z każdym wynikiem
Percentyl według liczby udzielonych odpowiedzi
Twoja historia wyników
Nie rozwiązałeś tego quizu